Film par acteurs principaux ? - Statistiques

Statistiques générales
  • Ce quiz a été pris 4 848 fois
  • Le résultat moyen est 9 sur 15
Statistiques - réponses
Acteurs Acteurs Film % Correct
Leonardo DiCpario Kate Winslet Titanic
96%
Vin Diesel Paul Walker Fast and Furious
87%
Omar Sy Francois Cluzet Intouchables
84%
Lady Gaga Bradley Cooper A star is born
74%
Jean Réno Christian Clavier Les Visiteurs
74%
Marlon Brando Al Pacino Le parrain
73%
Tom Hanks Robin Wright Forrest Gump
67%
Jennifer Lawrence Josh Hutcherson Hunger games
65%
Arnold Schwarzenegger Linda Hamilton Terminator
62%
Keanu Reeves Carrie-Anne Moss Matrix
56%
Louis de Funes Jacques Villeret La soupe aux choux
46%
Michael J. Fox Christopher Lloyd Retour vers le futur
44%
Johnny Depp Winona Ryder Edward aux mains d'argent
40%
James McAvoy Anya Taylor-Joy Split
34%
Bruce Willis Matthew Perry Mon voisin le tueur
18%
Aucun quiz correspondant
Distribution des résultats
% des personnes avec chaque résultat
Percentile par nombre de réponses
Votre historique - résultats
Vous n’avez pas pris ce quiz